Расчёт потребляемой мощности в напорной зоне одночервячной машины при переработке резиновой смеси; Т. 1

Bibliographic Details
Parent link:Т. 1.— 2001.— С. 156-159.
Main Author: Татарников А. А.
Other Authors: Буртелов Л. В., Горбунов Д. Б.
Language:Russian
Published: 2001
Subjects:
Format: Book Chapter
KOHA link:https://koha.lib.tpu.ru/cgi-bin/koha/opac-detail.pl?biblionumber=81791

MARC

LEADER 00000naa2a2200000 4500
001 81791
005 20231031095337.0
035 |a (RuTPU)RU\TPU\book\87903 
090 |a 81791 
100 |a 20050923d2001 k y0rusy50 ca 
101 0 |a rus 
102 |a RU 
200 1 |a Расчёт потребляемой мощности в напорной зоне одночервячной машины при переработке резиновой смеси  |f А. А. Татарников, Л. В. Буртелов, Д. Б. Горбунов 
320 |a Библиогр.: 2 назв. 
463 0 |0 (RuTPU)RU\TPU\book\73091  |t Т. 1  |v С. 156-159.  |d 2001  |p 295 с. 
610 1 |a резиновые смеси 
610 1 |a переработка 
610 1 |a одночервячные машины 
610 1 |a резина 
610 1 |a экструзия 
610 1 |a энергопотребление 
610 1 |a труды учёных ТПУ 
700 1 |a Татарников  |b А. А. 
701 1 |a Буртелов  |b Л. В. 
701 1 |a Горбунов  |b Д. Б. 
801 1 |a RU  |b 63413507  |c 20050923  |g PSBO 
942 |c BK